Homophone Word Ladder Pairs Quiz Stats

 Plays Quiz Updated Nov 16, 2012

Challenge
Share
Tweet
Embed
Score 0/40 Timer 02:00
1 Play Today
Hint Word % Correct
╔═══════════════╗
7 days
WEEK
98.5%
Not strong
╚═══════════════╝
WEAK
98%
╔═══════════════╗
Listen
HEAR
92.2%
Not there
╚═══════════════╝
HERE
91.7%
╔═══════════════╗
Bodies of water
SEAS
84.2%
Observes
╚═══════════════╝
SEES
83.7%
╔═══════════════╗
Pointed summit
PEAK
79.9%
Glimpse
╚═══════════════╝
PEEK
79.4%
Naked
╚═══════════════╝
BARE
78.7%
╔═══════════════╗
Carry a load
BEAR
77.1%
╔═══════════════╗
Taxi rate
FARE
77%
Reasonable
╚═══════════════╝
FAIR
76.3%
Green veggies
╚═══════════════╝
PEAS
76.2%
╔═══════════════╗
Before five
FOUR
75.4%
╔═══════════════╗
Tinkles
PEES
75.1%
Look out!
╚═══════════════╝
FORE
73.4%
╔═══════════════╗
Two of them
PAIR
72.2%
Fill a cup
╚═══════════════╝
POUR
71.9%
╔═══════════════╗
Sweat gland
PORE
71.4%
Put on
╚═══════════════╝
WEAR
71.4%
Hint Word % Correct
Peel
╚═══════════════╝
PARE
69%
A bucket
╚═══════════════╝
PAIL
65%
Male pig
╚═══════════════╝
BOAR
64.9%
╔═══════════════╗
Blanched
PALE
64.7%
╔═══════════════╗
Masculine
MALE
64.1%
╔═══════════════╗
Burrow
BORE
63.8%
╔═══════════════╗
Fly
SOAR
63.5%
Post
╚═══════════════╝
MAIL
63%
Mild pain
╚═══════════════╝
SORE
63%
╔═══════════════╗
Physical suffering
PAIN
61.5%
Window feature
╚═══════════════╝
PANE
60.7%
╔═══════════════╗
Lycanthrope prefix
WERE
60.4%
Lower prices
╚═══════════════╝
SALE
60.3%
╔═══════════════╗
Cruise
SAIL
60.1%
╔═══════════════╗
Fortune-teller
SEER
60.1%
Scorch
╚═══════════════╝
SEAR
59.7%
╔═══════════════╗
Horse's hair
MANE
58.5%
Primary
╚═══════════════╝
MAIN
57.9%
Produced
╚═══════════════╝
MADE
57.3%
╔═══════════════╗
An unmarried girl
MAID
57.1%

You're not logged in!

Compare scores with friends on all Sporcle quizzes.
OR
Log In

You Might Also Like...

Show Comments

Extras

Top Quizzes Today


Score Distribution

Your Account Isn't Verified!

In order to create a playlist on Sporcle, you need to verify the email address you used during registration. Go to your Sporcle Settings to finish the process.

Report this User

Report this user for behavior that violates our Community Guidelines.

Details: